| 000 | 00776cab a2200229 4500 | ||
|---|---|---|---|
| 001 | WB3242-53 | ||
| 008 | 090401t1996 xxu||||| |||| 00| 0 eng d | ||
| 035 | _a(Sirsi) u44868 | ||
| 041 | _aeng | ||
| 245 | 2 | _aA few home truths | |
| 260 | _c1996 | ||
| 350 | _a0 | ||
| 490 |
_aIndependent _vWeekend 2 November 1996, 25(1) |
||
| 520 | _aImprovement in the housing market has meant a change of fortune for estate agents. Hambro Countrywide has seen shares rise and a return to profit over 1995. Savills and John D Wood have experienced similar results. | ||
| 650 | _aESTATE AGENTS | ||
| 650 | _aHAMBRO COUNTRYWIDE | ||
| 650 | _aJOHN D WOOD | ||
| 650 | _aSAVILLS | ||
| 690 | _aMANAGEMENT-BUSINESS MANAGEMENT-PROFESSIONAL PRACTICE | ||
| 942 | _n0 | ||
| 948 | _c04/03/1997 | ||
| 999 |
_c28513 _d28513 |
||